Lecciones de Derecho Constitucional / (Record no. 112475)

MARC details
000 -LEADER
campo de control de longitud fija 00753nam a2200205 4500
001 - NÚMERO DE CONTROL
campo de control 112475
003 - IDENTIFICADOR DE NÚMERO DE CONTROL
campo de control ES-MaACL
005 - FECHA Y HORA DE LA ÚLTIMA TRANSACCIÓN
campo de control 20230906185533.0
007 - CAMPO FIJO DE DESCRIPCIÓN FÍSICA--INFORMACIÓN GENERAL
campo de control de longitud fija t|
008 - DATOS DE LONGITUD FIJA--INFORMACIÓN GENERAL
campo de control de longitud fija 061121s1949 pr r ||||1| spa d
080 ## - NÚMERO DE LA CLASIFICACIÓN DECIMAL UNIVERSAL
Número de la Clasificación Decimal Universal B-1286-87
100 1# - ENTRADA PRINCIPAL--NOMBRE DE PERSONA
Nombre de persona Muñoz Morales, Luis.
9 (RLIN) 84464
245 10 - MENCIÓN DEL TÍTULO
Título Lecciones de Derecho Constitucional /
Mención de responsabilidad, etc. Dr. Luis Muñoz Morales.
260 ## - PUBLICACIÓN, DISTRIBUCIÓN, ETC.
Lugar de publicación, distribución, etc. Río Piedras ( Puerto Rico) :
Nombre del editor, distribuidor, etc. Universidad de Puerto Rico,
Fecha de publicación, distribución, etc. 1949.
300 ## - DESCRIPCIÓN FÍSICA
Extensión 2 t. 1 lám. :
Otras características físicas ` Retr. Aut.` ;
Dimensiones 22 cm.
490 1# - MENCIÓN DE SERIE
Mención de serie Trabajos de la Facultad de Derecho de la Universidad de Puerto Rico ;
Designación de volumen o secuencia 7
830 0# - PUNTO DE ACCESO ADICIONAL DE SERIE-TÍTULO UNIFORME
Título uniforme Trabajos de la Facultad de Derecho de la Universidad de Puerto Rico ;
Designación de volumen o secuencia 7
9 (RLIN) 185709
852 ## - LOCALIZACIÓN
Ubicación ES-MaACL
Número de control de estantería B-1286-87
Sublocalización o colección R.28536
Holdings
Estatus retirado Estado de pérdida Estado de daño No para préstamo Biblioteca de origen Biblioteca actual Ubicación en estantería Fecha de adquisición Fuente de adquisición Total de préstamos Signatura topográfica completa Código de barras Visto por última vez Precio de reemplazo Tipo de ítem Koha
        Biblioteca del Ateneo de Madrid Biblioteca del Ateneo de Madrid Sala Pardo Bazán 17/01/2008     B-1286-87 1117327 23/02/2023 23/02/2023 Libro impreso